TV to Movie Match-Up Quiz Stats

 Plays Quiz Updated May 22, 2019

Score 0/15 Timer 04:00
1 Play Today
Question Answer Wrong Answers
Which movie is based on the television show pictured above? The Addams Family
93.2%
Edward Scissorhands
0.6%
Beetlejuice
1.5%
The Craft
0.4%
Which movie is based on the television show pictured above? Star Trek
93%
Star Wars: Return of the Jedi
0.4%
Galaxy Quest
4.7%
Interstellar
0.3%
Which movie is based on the television show pictured above? Starsky and Hutch
92.4%
The Other Guys
1.8%
Miami Vice
1.2%
Dragnet
0.9%
Which movie is based on the television show pictured above? Charlie's Angels
90.6%
The Craft
3.9%
The A-Team
0.6%
Hot Pursuit
1%
Which movie is based on the television show pictured above? The A-Team
90.2%
Red Dawn
2.2%
Lethal Weapon
1.3%
The Last Boy Scout
3.3%
Which movie is based on the television show pictured above? M*A*S*H
85%
Red Dawn
1.9%
Platoon
2.4%
Hamburger Hill
9.2%
Which movie is based on the television show pictured above? 21 Jump Street
84%
The Last Boy Scout
8.1%
Tango & Cash
6.1%
The Fugitive
0.9%
Which movie is based on the television show pictured above? Buffy the Vampire Slayer
80.1%
Gone Girl
6.3%
Twilight
7.7%
Charlie's Angels
0.7%
Which movie is based on the television show pictured above? Get Smart
80.1%
The Thomas Crown Affair
9.6%
Skyfall
2.1%
L.A. Confidential
4.6%
Which movie is based on the television show pictured above? Miami Vice
78.4%
End of Watch
1.3%
Lethal Weapon
7.7%
The Last Boy Scout
7.9%
Which movie is based on the television show pictured above? Dragnet
76.9%
Police Academy
3.1%
CHiPs
7%
End of Watch
8%
Which movie is based on the television show pictured above? The Fugitive
72.8%
Tango & Cash
3.9%
Chinatown
17.4%
Mission: Impossible
1.3%
Which movie is based on the television show pictured above? Bewitched
65.7%
L.A. Confidential
10.8%
Bonnie and Clyde
8.5%
Gone Girl
10.2%
Which movie is based on the television show pictured above? Mission Impossible
63.6%
Get Smart
16.4%
Bonnie and Clyde
7.1%
The Thomas Crown Affair
10%
Which movie is based on the television show pictured above? Fargo
50.3%
CHIPS
8.8%
Police Academy
2.4%
The Other Guys
34.1%

You're not logged in!

Compare scores with friends on all Sporcle quizzes.
OR
Log In

Show Comments

Extras

Top Quizzes Today


Score Distribution

Your Account Isn't Verified!

In order to create a playlist on Sporcle, you need to verify the email address you used during registration. Go to your Sporcle Settings to finish the process.

Report this User

Report this user for behavior that violates our Community Guidelines.

Details: